000 00666nam a22001577a 4500
008 150209b xxu||||| |||| 00| 0 eng d
020 _a1854317407
050 _aKD8371.73
100 _aHuxley, Phil.
245 _aLaw of evidence. /
_cPhil Huxley.
260 _aLondon:
_bBlackstone Press Ltd,
_c1998.
300 _axxiv,272p.:
_c26cm.
500 _aIncludes index.
505 _aContents:Burden of proof -- Course of trial -- Competence and compellability -- Hearsay -- Evidence of option Confessions -- Evidence unfairly obtained -- Silence -- Similar fact evidence -- Cross-examination of the accused -- Corroboration and additional evidence.
942 _2lcc
_cBK
999 _c5369
_d12869